00484 2200205 4500001002100000005001500021008004100036020002200077035001900099041000700118082001000125090001600135100002100151245002000172250000900192260003200201300001900233500001000252650001600262INLIS00000000000535720241224113102241224||||||||| | ||| |||| || |  a978-602-7652-20-0 0010-1224005357 aid0 a372.2 a372.2 HER j0 aHerlina Sitorus.00aJelajah Angkasa aED.1 aTanggerangbBuah Hatic2013 a14 HLM,;24,5CM aCET 1 0aIlmu Sosial